00241 a2200109 4500001000700000020000600007040001100013100002700024240003800051245003300089362000900122169193 a  cMagnum aStein, Suzana Albornoz10aPor uma educacao libertadoralpor10aPor uma educacao libertadora0 a1899